Normal view MARC view
  • Gutiérrez Vega, Hugo,

Entry Nombre Personal

Number of records used in: 6

001 - NUMERO DE CONTROL

  • campo de control: 37773

003 - IDENTIFICADOR DE NUMERO DE CONTROL

  • campo de control: UPN

005 - FECHA Y HORA DE LA ÜLTIMA TRANSACCIÓN

  • campo de control: 20210219194528.0

008 - DATOS DE LONGITUD FIJA

  • campo de control de longitud fija: nabaccnnaabn|||||||||| b |nc|||||d

035 ## - NUMERO DE CONTROL

  • Número de control: UPN11000009880

040 ## - FUENTE DE CATALOGACIÓN

  • Lenguaje de catalogación: SPA
  • Agencia de transcripción: UPN

053 #4 - NÚMERO DE CLASIFICACIÓN LC

  • Número de clasificación elemento-número único o número inicial de tramo: PQ7298.17 U8.4

100 1# - ENCABEZAMIENTO - NOMBRE PERSONAL

  • Nombre personal: Gutiérrez Vega, Hugo,
  • Fechas asociadas con el nombre: 1934-2015

680 ## - NOTA PUBLICA DE ACCESO PÚBLICO

  • Frase explicativa de la referencia: Abogado, poeta, escritor, actor, catedrático, diplomático y académico mexicano. Escribió más de treinta y cinco libros de poesía y trece de prosa, algunos de los cuales han sido traducidos a diez idiomas. Fue director del suplemento La Jornada Semanal. Impartió clases en la Universidad Nacional Autónoma de México (UNAM) y en la Universidad Autónoma de Querétaro llegando a ser Rector de esta última de 1966 a 1967. Fue director de la Casa del Lago entre 1974 y 1976, además de director de la Revista de la Universidad, así como director general de Difusión Cultural de la UNAM. Fue miembro del Seminario de Cultura Mexicana. Fue elegido miembro de número de la Academia Mexicana de la Lengua el 10 de noviembre de 2011 para ocupar la silla XXXIV. Falleció el 25 de septiembre de 2015 a los 81 años

902 ## - CATALOGADOR

  • Catalogador: BDV/290915